000 01771nam a2200361 ia4500
003 OSt
005 20200623100618.0
008 200622t19092018-uk j 000 1 eng d
020 _cRM530.95
_qset
020 _a9781782264446
_cRM66.36
_qpaperback
040 _aPPAK
_beng
_cPPAK
_erda
082 0 4 _223
_a813.52
090 0 0 _a813.52
_bMON
_dK
100 1 _aMontgomery, L. M.,
_d1874-1942.
_eauthor.
_q(Lucy Maud),
245 1 0 _aANNE OF AVONLEA /
_cL. M. Montgomey ; Cover Design and Illustrations Elena Distefano
264 1 _aLeicester, United Kingdom :
_bSweet Cherry Publishing,
_c2018
264 4 _c©1909
300 _a336 pages :
_c20 cm
336 _2rdacontent
_atext
337 _2rdamedia
_aunmediated
338 _2rdacarrier
_avolume
490 1 _aAnne Of Green Gables ;
_v2
500 _aFirst published in 1909
520 _aIt's been five years since Anne came to Green Gables and she's quite grown-uppish now. True she's more interested in writing about love than falling in it, and her nose still has seven freckles. But as the new teacher at her old school, she's left her days of breaking slates and walking ridgepoles behind. She's determined not to get into any more trouble. Then again, one can't get over the habit of being a little girl all at once ... Part of the Anne of Green Gables Complete Collection by L. M. Montgomery. A tale of literature's most famous redhead and her colourful imagination.
600 1 0 _aShirley, Anne,
_c(Fictitious character)
_vJuvenile fiction
650 1 0 _aOrphans
_vJuvenile fiction
650 2 0 _aPrince Edward Island
_vJuvenile fiction
655 7 _aChildren's stories
655 7 _aFiction
700 1 _aDistefano, Elena,
_eillustrator.
830 0 _aAnne of Green Gables ;
_n2
942 _2ddc
_cB
999 _c177773
_d177773